Normal view
MARC view
- Achrya, U.R, Sun, J.S, Spaan, J.A.E
Entry Personal Name
001 - CONTROL NUMBER
- control field: 68376
003 - CONTROL NUMBER IDENTIFIER
- control field: NUST
005 - DATE AND TIME OF LATEST TRANSACTION
- control field: 20210628204033.0
008 - FIXED-LENGTH DATA ELEMENTS
- fixed length control field: 210628|| aca||aabn | a|a d
040 ## - CATALOGING SOURCE
- Original cataloging agency: NUST
- Transcribing agency: NUST
100 ## - HEADING--PERSONAL NAME
- Personal name: Achrya, U.R, Sun, J.S, Spaan, J.A.E
670 ## - SOURCE DATA FOUND
- Source citation: Work cat.: (NUST): Achrya, U.R, Sun, J.S, Spaan, J.A.E, Advances in cardiac signal processing, 2007
